[Event "AUTO-OPEN-2745"]
[Site "http://www.queenalice.com/game.php?id=1084783"]
[Date "2012.7.20"]
[Round "1"]
[White "ggg09"]
[Black "General_SOM"]
[Result "0-1"]
[WhiteElo "2022"]
[BlackElo "1552"]

1. e4 c5 2. Nf3 Nc6 3. d4 cxd4 4. Nxd4 g6 5. c4 Bg7 6. Be3 Nh6 7. Qd2 Ng4 8. Be2
Nxe3 9. fxe3 d6 10. O-O O-O 11. Nc3 Qc7 12. Rf2 Ne5 13. b3 Qb6 14. Nf3 Ng4 15.
Nd5 Qd8 16. Rff1 Bxa1 17. Rxa1 Bd7 18. h3 Ne5 19. Nxe5 dxe5 20. Qb4 e6 21. Nc3
Bc6 22. Bf3 Qg5 23. Re1 Qg3 24. Ne2 Qg5 25. Qc3 Rfd8 26. Rf1 Rd7 27. Kh2 Rad8
28. Qc1 Rd3 29. Nc3 Qxe3 30. Qxe3 Rxe3 31. Nd1 Red3 32. Nf2 Rd2 33. a4 f5 34.
exf5 Bxf3 35. gxf3 exf5 36. Kg3 Rb2 37. Rd1 Rxd1 38. Nxd1 Rxb3 0-1

[Event "Challenge"]
[Site "http://www.queenalice.com/game.php?id=1104103"]
[Date "2012.9.18"]
[Round "-"]
[White "mrjoe"]
[Black "General_SOM"]
[Result "0-1"]
[WhiteElo "1647"]
[BlackElo "1623"]

1. e4 c5 2. b3 Nc6 3. Nf3 g6 4. Bb2 Nf6 5. Bc4 e6 6. d3 Bg7 7. O-O O-O 8. c3 a6
9. h3 b5 10. Bxe6 dxe6 11. Na3 Bb7 12. c4 b4 13. Nc2 Qe7 14. e5 Nd7 15. d4 Rad8
16. Qe2 cxd4 17. Nfxd4 Ndxe5 18. Nxc6 Nxc6 19. Rab1 a5 20. f4 Nd4 21. Nxd4 Bxd4+
22. Bxd4 Rxd4 23. Rbd1 Rfd8 24. Kh2 Qc7 25. Rxd4 Rxd4 26. Qe3 Qc6 27. Rf2 Qe4
28. Qxe4 Bxe4 29. Rf1 Rd2 30. Kg3 Rxg2+ 31. Kh4 Kg7 32. Ra1 h6 33. a3 g5+ 34.
fxg5 hxg5+ 35. Kh5 Bg6# 0-1

[Event "Challenge"]
[Site "http://www.queenalice.com/game.php?id=1106101"]
[Date "2012.9.24"]
[Round "-"]
[White "salvachess"]
[Black "General_SOM"]
[Result "0-1"]
[WhiteElo "1604"]
[BlackElo "1640"]

1. e4 c5 2. Nf3 Nc6 3. Nc3 g6 4. Bb5 Bg7 5. Bxc6 bxc6 6. O-O Nf6 7. d3 O-O 8.
Bg5 d5 9. Bxf6 Bxf6 10. e5 Bg7 11. Qe2 Bg4 12. h3 Bxf3 13. Qxf3 Bxe5 14. Na4 e6
15. Nxc5 Bxb2 16. Rab1 Bd4 17. Nb3 Bg7 18. c4 Rb8 19. Na5 Qxa5 20. Rxb8 Rxb8 21.
cxd5 cxd5 22. Qe2 Rb2 23. Ra1 Rxe2 24. Kf1 Qd2 25. Rb1 Rxf2+ 0-1

[Event "AUTO-OPEN-2818"]
[Site "http://www.queenalice.com/game.php?id=1112694"]
[Date "2012.10.15"]
[Round "1"]
[White "General_SOM"]
[Black "kre"]
[Result "0-1"]
[WhiteElo "1732"]
[BlackElo "1705"]

1. c4 g6 2. g3 Bg7 3. Bg2 Nf6 4. Nc3 O-O 5. Nf3 Nc6 6. O-O e5 7. d3 h6 8. a3 d6
9. b4 Nd4 10. Be3 Nxf3+ 11. Bxf3 Bg4 12. Bxb7 Rb8 13. Bg2 Qd7 14. Qd2 Bh3 15.
Bxh6 Bxg2 16. Kxg2 Bxh6 17. Qxh6 Ng4 18. Qh4 f5 19. Nd5 Kg7 20. h3 Nf6 21. Nxf6
Rxf6 22. Qg5 c5 23. bxc5 dxc5 24. Rab1 Rbf8 25. h4 Rh8 26. Rb5 Rh5 27. Qe3 f4
28. Qxc5 fxg3 29. fxg3 Rxf1 30. Kxf1 Qh3+ 31. Kf2 Rf5+ 32. Ke3 Qxg3+ 33. Kd2 e4
0-1

[Event "AUTO-OPEN-2818"]
[Site "http://www.queenalice.com/game.php?id=1112695"]
[Date "2012.10.15"]
[Round "1"]
[White "kre"]
[Black "General_SOM"]
[Result "0-1"]
[WhiteElo "1710"]
[BlackElo "1735"]

1. e4 c5 2. f4 Nc6 3. Nf3 g6 4. d3 Bg7 5. c3 d6 6. Be2 Bd7 7. O-O Qb6 8. a3 c4+
9. Kh1 cxd3 10. Bxd3 Nf6 11. e5 dxe5 12. fxe5 Ng4 13. h3 Nf2+ 14. Rxf2 Qxf2 15.
Qe2 Qxe2 16. Bxe2 Nxe5 17. Nxe5 Bxe5 18. Nd2 O-O 19. Nc4 Bg7 20. Bf3 Rab8 21.
Bf4 Rbc8 22. Ne3 Bc6 23. Bxc6 Rxc6 24. Nd5 Re6 25. Rc1 Rd8 26. Nc7 Re4 27. Bg3
Rd2 28. Ne8 Ree2 29. Nxg7 Kxg7 30. Bf4 Rxb2 31. c4 Rxg2 0-1

[Event "Challenge"]
[Site "http://www.queenalice.com/game.php?id=1114124"]
[Date "2012.10.19"]
[Round "-"]
[White "Lazarus"]
[Black "General_SOM"]
[Result "0-1"]
[WhiteElo "1624"]
[BlackElo "1710"]

1. e4 c5 2. d4 cxd4 3. c3 dxc3 4. Nxc3 Nc6 5. Nf3 g6 6. Bc4 d6 7. Be3 Bg7 8. Rc1
Nf6 9. O-O O-O 10. Qc2 Bg4 11. Kh1 Bxf3 12. gxf3 Ne5 13. Bb3 Nxf3 14. Qe2 Ne5
15. Rg1 Qd7 16. Qd2 Nf3 17. Qe2 Qh3 18. Rg2 Ng4 19. Bf4 e5 20. Bg3 h5 21. Qxf3
h4 22. Bxh4 Qxf3 0-1

[Event "Challenge"]
[Site "http://www.queenalice.com/game.php?id=1114125"]
[Date "2012.10.19"]
[Round "-"]
[White "General_SOM"]
[Black "Lazarus"]
[Result "1-0"]
[WhiteElo "1723"]
[BlackElo "1611"]

1. c4 e5 2. g3 d5 3. cxd5 Nf6 4. Bg2 Bd7 5. Nc3 c6 6. dxc6 Nxc6 7. d3 Bb4 8. Bg5
O-O 9. Nf3 Nd4 10. O-O Rc8 11. Nxe5 Bxc3 12. bxc3 Nf5 13. Bxf6 gxf6 14. Nxd7
Qxd7 15. c4 Kh8 16. Bh3 Rg8 17. e4 Nd4 18. Bxd7 Rcd8 19. Bh3 Rg7 20. Rb1 b6 21.
a4 Rdg8 22. Bg2 f5 23. f4 Ne6 24. e5 Nxf4 25. Rxf4 1-0

[Event "Challenge"]
[Site "http://www.queenalice.com/game.php?id=1116373"]
[Date "2012.10.26"]
[Round "-"]
[White "Andrei_78"]
[Black "General_SOM"]
[Result "1-0"]
[WhiteElo "1700"]
[BlackElo "1750"]

1. e4 c5 2. c4 Nc6 3. Nf3 g6 4. a3 Bg7 5. Bd3 d6 6. h3 Nf6 7. O-O O-O 8. Bc2 Be6
9. Ng5 Bxc4 10. d3 Ba6 11. Nf3 Rc8 12. Nc3 b5 13. Be3 b4 14. axb4 Nxb4 15. Nd2
Bxd3 16. Bxd3 Nxd3 17. Qc2 Nb4 18. Qd1 a5 19. Nc4 Rb8 20. Nxa5 Qb6 21. Nc4 Qb7
22. Ra3 Nxe4 23. Nxe4 Qxe4 24. Nd2 Qc2 25. Qxc2 1-0